000 00533nam a2200193Ia 4500
005 20250508154419.0
008 008 250505s9999 xx 000 0 eng d
037 _aReference
040 _aFEDL
_beng
_cFEDL
041 _aeng
_2eng
084 _a370.1, NUN
_qFEDL
100 _aNunn Percy
_9139663
245 0 _aEducation: Its data and first principles
250 _a3rd
260 _aLondon, UK
_bEdward Arnold Publishers Ltd.
_c1920
300 _a283p.
942 _cREF
_h370.1, NUN
999 _c1350033
_d1350033